000 00418nam a2200205Ia 4500
003 IT-RoPAU
008 120407s9999 xx 000 0 und d
040 _aIT-RoPAU
040 _cIT-RoPAU
041 _aita
100 _aBlaise Pascal
245 _aScritti sulla grazia
260 _aEd. di Ethica
260 _c1966
300 _a94 p.
300 _c21 cm
490 _v1
942 _cBK
999 _c37288
_d37288